Fußball: Vereine nach Trainern - #1 - Statistiken

Allgemein
  • Dieses Quiz wurde 378 mal gespielt
  • Das Durchschnittsergebnis liegt bei 9 aus 10
Antwortstatistiken
Trainer Verein % Korrekt
Niko Kovac Hansi Flick Julian Nagelsmann Thomas Tuchel Vincent Kompany FC Bayern München
100%
Jürgen Klopp Thomas Tuchel Lucien Favre Edin Terzic Nuri Sahin Borussia Dortmund
99%
Ernesto Valverde Quique Setien Ronald Koeman Xavi Hansi Flick FC Barcelona
98%
Sven-Göran Eriksson Mark Hughes Roberto Mancini Manuel Pellegrini Pep Guardiola Manchester City
97%
Rafael Benitez Julen Lopetegui Santiago Solari Zinedine Zidane Carlo Ancelotti Real Madrid
97%
Rafael Benitez Roy Hodgson Brendan Rodgers Jürgen Klopp Arne Slot FC Liverpool
96%
Unai Emery Thomas Tuchel Mauricio Pochettino Christophe Galtier Luis Enrique Paris Saint Germain
90%
Maurizio Sarri Andrea Pirlo Massimiliano Allegri Paolo Monteri Thiago Motta Juventus Turin
89%
Vincenzo Montella Gennaro Gattuso Marco Giampaolo Stefano Pioli Paulo Fonseca AC Mailand
78%
Robert Moreno Niko Kovac Stephane Nado Philippe Clement Adi Hütter AS Monaco
63%
Keine übereinstimmenden Quizze gefunden
Verteilung der Resultate
Anzahl Personen mit jedem Resultat
Perzentil nach korrekt beantworteten Fragen
Ihre Resultats-Entwicklung
Sie haben dieses Quiz noch nicht gespielt